000 00645nam a2200241Ia 4500
003 OSt
005 20220918174834.0
006 a|||||r|||| 00| 0
007 ta
008 220917b |||||||| |||| 00| 0 eng d
024 _a14,364
037 _cTextual
040 _aARTS
_cARTS
_beng
041 _2eng
_aeng
082 _aNQ5,M,1(Q8441), L9
100 _aAjitzuddin F S.
_951936
245 0 _aSikh portraits by European artists
260 _aLondon
_bSotheby Parke Bernet
_c1979
300 _a154p.
_ccm.
650 _aARTS
942 _hNQ5,M,1(Q8441), L9
_cTEXL
_2CC
999 _c154912
_d154912